| 000 | 00511nam a2200205Ia 4500 | ||
|---|---|---|---|
| 003 | OSt | ||
| 005 | 20230516142238.0 | ||
| 008 | 210423s2011 xx 000 0 und d | ||
| 020 | _a9788126530168 | ||
| 040 | _cAL | ||
| 041 | _aeng | ||
| 082 |
_a574.192 _223 _b COOT |
||
| 100 |
_aCOOPER (Terrance G). _9105375 |
||
| 245 | _aTools of biochemistry. | ||
| 260 |
_aNew Delhi _bWiley India Pvt Ltd _c2011 |
||
| 300 |
_axv,423 _bPB |
||
| 365 |
_b549 _cINR |
||
| 906 | _abiochemistry. ; Tools | ||
| 942 |
_2ddc _cBK |
||
| 999 |
_c164496 _d164496 |
||